000 00839nab a2200253 u 4500
001 16042
003 HDC
007 cr bn ---aaaaa
008 210220c mydr|noo 0 a may d
040 _aHDC
100 _aROZILAN SALLEH
_eauthor
_915999
245 0 _aTingkatkan pasaran makanan halal - PM /
_cby ROZILAN SALLEH dan HATA WAHARI
260 _aMalaysia :
_bUtusan Malaysia,
_c2004
336 _atext
_2rdacontent
337 _acomputer
_2rdamedia
338 _aonline resource
_2rdacarrier
650 _afood industry
_9536
650 _afood market
_92245
710 _aUtusan Malaysia
856 _zRequest full-text at [email protected]
942 _2lcc
942 _cNEWS
942 _kNSWO 008373
999 _c13358
_d13358